Land vs. Land #61 - Statistiken

Allgemein
  • Dieses Quiz wurde 29 mal gespielt
  • Das Durchschnittsergebnis liegt bei 13 aus 14
Antwortstatistiken
Frage Antwort % Korrekt
...Fläche? Italien🇮🇹
100%
...Militär? Italien🇮🇹
100%
...Tourismus? Italien🇮🇹
100%
...Exportmengen? Italien🇮🇹
100%
...Einwohner? Italien🇮🇹
96%
...Bruttoinlandsprodukt? Italien🇮🇹
96%
...HDI (Human Development Index)? Italien🇮🇹
96%
...Lebenserwartung? Italien🇮🇹
96%
...durchschnittlicher IQ? Italien🇮🇹
96%
...Gewinner? Italien🇮🇹
96%
...Bruttoinlandsprodukt pro Kopf? Italien🇮🇹
93%
...Gesundheitswesen? Italien🇮🇹
93%
...Happy Planet Index? Italien🇮🇹
61%
...Frieden? Italien🇮🇹
61%
Keine übereinstimmenden Quizze gefunden
Verteilung der Resultate
Anzahl Personen mit jedem Resultat
Perzentil nach korrekt beantworteten Fragen
Ihre Resultats-Entwicklung
Sie haben dieses Quiz noch nicht gespielt